000 00532nam a2200217Ia 4500
003 OSt
005 20220928151338.0
006 a|||||r|||| 00| 0
007 ta
008 220927b |||||||| |||| 00| 0 eng d
024 _a123423
037 _cTextual
040 _aSDCL
_cSDCL
_beng
041 _2eng
_aeng
082 _aB25, K0
100 _aNorthcott D G
_9493691
245 0 _aIntroduction to homological algebra
260 _c1960
942 _hB25, K0
_cTEXL
_2CC
999 _c851126
_d851126